000 00922nam a22002297a 4500
003 OSt
005 20250709020625.0
008 250709b |||||||| |||| 00| 0 eng d
020 _a978-971-93801-2-2
040 _aDWC-Main Lib
_cOC
082 _aFil. 378 C737 2008
100 _aSalazar-Clemeña, Rose Marie
245 _aCompetition, collaboration and change in the academic profession:
_bshaping higher education's contribution to knowledge and research/
_cRose Marie Salazar-Clemeña & V. Lynn Meek
260 _aQuezon City:
_bLibro Amigo,
_cc2008.
300 _avi, 211 pages:
_billustrations;
_c22cm.
650 _a1. Education, Higher--Asia--Research--Congresses.
650 _a2. Education, Higher--Pacific Area--Research--Congresses.
650 _a3. Higher education and state--Asia.
650 _a4. Higher education and state--Pacific Area.
700 _aMeek, Lynn V.
942 _2ddc
_cBK - FIL
_kFil.
_n0
999 _c3512
_d3512